00827cam a22002411 4500001001300000003000400013005001700017008004100034010001700075025001900092035002000111040002000131042001200151050001800163082001900181245011200200260010300312300004400415600003800459700003800497700002600535700002400561sa 67006584 DLC20260227112409.0870612s1966 ii ac 000 0beng  asa 67006584  aPL480:I-E-7921 a(OCoLC)15927073 aDLCcOCoLCdDLC apremarc00aDS481.S48bS5 a954.04/0924aB00aShastri memorial souvenir.c[Editorial board: Satish Chander and others. Advisers: G. K. Shukla and others. aDelhi,bPrinted at Roopvani Print. House for S.M.S. Committee, Cultural Meet Publications,c1966?] a252 p.billus., ports. (1 col.)c25 cm.10aShastri, Lal Bahadur,d1904-1966.1 aShastri, Lal Bahadur,d1904-1966.1 aChander, Satish,eed.1 aShukla, G. K.,eed.